|
|
|
|
| LEADER |
01795nam a22003855i 4500 |
| 001 |
978-3-8349-6172-3 |
| 003 |
DE-He213 |
| 005 |
20151204153502.0 |
| 007 |
cr nn 008mamaa |
| 008 |
110121s2011 gw | s |||| 0|eng d |
| 020 |
|
|
|a 9783834961723
|9 978-3-8349-6172-3
|
| 024 |
7 |
|
|a 10.1007/978-3-8349-6172-3
|2 doi
|
| 040 |
|
|
|d GrThAP
|
| 050 |
|
4 |
|a HG1-HG9999
|
| 072 |
|
7 |
|a KFF
|2 bicssc
|
| 072 |
|
7 |
|a BUS027000
|2 bisacsh
|
| 082 |
0 |
4 |
|a 332
|2 23
|
| 100 |
1 |
|
|a Bender, Marko.
|e author.
|
| 245 |
1 |
0 |
|a Spatial Proximity in Venture Capital Financing
|h [electronic resource] :
|b A Theoretical and Empirical Analysis of Germany /
|c by Marko Bender.
|
| 264 |
|
1 |
|a Wiesbaden :
|b Gabler,
|c 2011.
|
| 300 |
|
|
|a XIX, 358 p. 33 illus.
|b online resource.
|
| 336 |
|
|
|a text
|b txt
|2 rdacontent
|
| 337 |
|
|
|a computer
|b c
|2 rdamedia
|
| 338 |
|
|
|a online resource
|b cr
|2 rdacarrier
|
| 347 |
|
|
|a text file
|b PDF
|2 rda
|
| 520 |
|
|
|a Marko Bender analyzes the impact of spatial proximity between venture capitalists and new ventures throughout the investment process. He elaborates a comprehensive theoretical framework and empirically validates resulting hypotheses concerning the observed spatial proximity and the impact of spatial proximity on the likelihood of a venture capital investment using a German dataset. A thorough discussion of results and resulting implications for entrepreneurs, venture capitalists, and public policy concludes this thesis.
|
| 650 |
|
0 |
|a Finance.
|
| 650 |
1 |
4 |
|a Finance.
|
| 650 |
2 |
4 |
|a Finance, general.
|
| 710 |
2 |
|
|a SpringerLink (Online service)
|
| 773 |
0 |
|
|t Springer eBooks
|
| 776 |
0 |
8 |
|i Printed edition:
|z 9783834926845
|
| 856 |
4 |
0 |
|u http://dx.doi.org/10.1007/978-3-8349-6172-3
|z Full Text via HEAL-Link
|
| 912 |
|
|
|a ZDB-2-SBE
|
| 950 |
|
|
|a Business and Economics (Springer-11643)
|